Регионална библиотека "Любен Каравелов" - Русе

Писма и изповеди на един четник (1902) (Запис номер 435851)

MARC детайли
000 -Лидер
Контролно поле с фиксирана дължина nam a22 a 4500
003 - Код на организацията, давaща контролен номер
Контролно поле BLK
005 - Дата и час на последна редакция
Контролно поле 20220314085559.0
008 - Елементи от данни с фиксирана дължина
fixed length control field 180411b bul|||||r ||||||| ||bul||
010 ## - Наследен системен номер
LC control number KNG00196601000
020 ## - Международен стандартен номер на книга ISBN
Международен стандартен номер на книга ISBN 9786190107958
040 ## - Източник на каталожния запис
Идентификатор на билиотеката - собственик на записа BLK
041 ## - Код за език
Код за езика на текст/звукозапис или на отделно заглавие Български
Код за езика КДБФ Български
080 ## - УДК
Текстов определител УДК Българска литература
УДК код - определител по УДК 821.163.2
УДК определител -94
УДК - код + определител 821.163.2-94
080 ## - УДК
Текстов определител УДК България (1878-1914)
УДК код - определител по УДК 94(497.2)"1878/1914"
УДК определител (093)
УДК - код + определител 94(497.2)"1878/1914"(093)
100 1# - Редна дума - Автор
Автор Силянов, Христо Иванов
Авторска отговорност първи автор
R(LIN) 380681
139 ## - Редно поле
Редна дума Силянов, Христо Иванов
Авторски знак Сил - С 36
245 10 - Сведения за заглавието
Заглавие Писма и изповеди на един четник (1902)
Редно поле (дума) Христо Силянов
257 ## - Страна на издаване
Страна на създаване/издаване България
260 ## - Област на издателските данни
Място на издаване, разпространение и проч. София
Име на издателя, разпространителя и проч. Изток-Запад
Година на издаване 2021
9 (RLIN) 210881
Издателство - префикс ISBN 978-619-01- ; 978-619-152- ; 978-954-321- ; 954-8945-
300 ## - Физическа характеристика
Страници 208 с.
Илюстрации и др. ил., портр.
Размери/Мащаб 22 см
380 ## - Жанр
Жанр Худож. лит.
650 #4 - Допълнително описание по предмет – тема
Основно описание – тема или топоним ВМРО - спомени
9 (RLIN) 261003
852 ## - Местоположение
Фондова буква Заемна - подръчен фонд
Систематично-азбучна сигнатура 821.163.2-9/С 36 Х
852 ## - Местоположение
Фондова буква Хранилище
Форматна сигнатура Цб 311441
999 ## - СИСТЕМНИ КОНТРОЛНИ НОМЕРА
Koha biblionumber 435851
Koha biblioitemnumber 435851
942 ## - АРТИКУЛИ
Вид на библиотечния материал Книги
Скрит в OPAC Не
Koha issues (borrowed), all copies 3
Периодичен библиозапис Да
944 ## - СЪЗДАВАНЕ И РЕДАКЦИЯ на ЗАПИСА
Създаване/Редакция Създаване
Дата на регистрацията/редакция 2021-11-05
Служител, извършил регистрацията/редакцията ГГГ
999 ## - СИСТЕМНИ КОНТРОЛНИ НОМЕРА
Koha biblioitemnumber 435851
Наличности
Код за отписване Код за изгубен артикул Източник на класификационната схема Код за повреда Коз за рестрикции Код за отдаване Артикулен № Име на библиотеката - собственик Име на библиотеката, в която се намира в момента Статус (Текущо местоположение) Дата на вписване в системата Местоположение - отдел Цена в лева Систематично азбучна сигнатура Баркод Цена в евро Служебен тип на артикула
  Не е изгубен Universal Decimal Classification Не е повреден без рестрикции заемане за дома 860736 Регионална библиотека "Любен Каравелов" Русе Регионална библиотека "Любен Каравелов" Русе Заемна - подръчен фонд 2021-11-08 Заемна - подръчен фонд 8.40 821.163.2-9/С 36 Х 120000862034 4.29 Книги
  Не е изгубен Universal Decimal Classification Не е повреден без рестрикции заемане за дома 860737 Регионална библиотека "Любен Каравелов" Русе Регионална библиотека "Любен Каравелов" Русе Заемна - подръчен фонд 2021-11-08 Заемна - подръчен фонд 8.40 821.163.2-9/С 36 Х 120000862033 4.29 Книги
  Не е изгубен Universal Decimal Classification Не е повреден само за читалня ползва се в читалня 876828 Регионална библиотека "Любен Каравелов" Русе Регионална библиотека "Любен Каравелов" Русе Хранилище 2022-03-18 Хранилище 12.00 Цб 311441 120000869242 6.14 Книги
Vip Innovations Ltd, Rousse, Bulgaria 2025